000
00211 a2200097 4500
001
47000
100
_a
Kendell P
245
_a
The Story of Land
260
_a
London
_b
Hamish Hamilton
_c
090
_c
30069
_d
30069
942
_a
NUST-CAE
_c
M
_c
22302
999
_c
282073
_d
282073